01334nam a2200277 a 4500001001000000005001700010008004100027041000800068044000800076084002000084100004500104245010900149260004400258300003000302500019900332500010000531500010500631500001000736546002400746650005200770650005600822650003400878650004500912700004900957740005001006BRCA_325820190320204206.0120309s1822----enka---###---#000-0#eng-# aeng aenk a559b.R63c18221 aCervantes Saavedra, Miguel ded1547-161610aThe History of the Ingenious Gentleman Don Quixote of La ManchacTrnaslated from the Spanish by Motteux. aEdinburgobHurst Robinson and Co.c1822 a5 v.bil. a colorc19 cm. aContenido : v.1. Primera parte. Vida de Cervantes. Prólogo. Notas. -- v.2. Texto. Notas. -- v.3. Texto. Prólogo de Cervantes. Notas. -- v.4. Segunda parte. Texto. Notas. -- v.5. Texto. Notas aEdidión : A new Edition with Copious Notes and an Essay on the Life and Writings of Cervantes aEjemplar igual al anterior [558]. Piel; planos orlados, lomos decorados con dorados Lúdovik Osterc aQM445 aTexto en : inglés14aNovela españolayÉpoca clásica, 1500-170014aLiteratura españolayÉpoca clásica, 1500-170014aNovela españolaySiglo XVII14aDon Quijote (Personaje ficticio)eNovela1 aMotteux, Peter Anthonyd1663-1718eTraductor0 aEl Ingenioso Hidalgo Don Quijote de la Mancha